Pre-historic background of Indian culture (Record no. 1336513)

MARC details
000 -LEADER
fixed length control field 00509nam a2200181Ia 4500
005 - DATE AND TIME OF LATEST TRANSACTION
control field 20250508152442.0
008 - FIXED-LENGTH DATA ELEMENTS--GENERAL INFORMATION
fixed length control field 008 250505s9999 xx 000 0 eng d
037 ## - SOURCE OF ACQUISITION
Stock number Textual
040 ## - CATALOGING SOURCE
Original cataloging agency FEDL
Language of cataloging eng
Transcribing agency FEDL
041 ## - LANGUAGE CODE
Language code of text/sound track or separate title eng
Source of code eng
084 ## - COLON CLASSIFICATION NUMBER
Classification number 901.954, GOR
Assigning agency FEDL
100 ## - MAIN ENTRY--PERSONAL NAME
Personal name Gordon D H
245 #0 - TITLE STATEMENT
Title Pre-historic background of Indian culture
260 ## - PUBLICATION, DISTRIBUTION, ETC.
Place of publication, distribution, etc. Bombay, India
Name of publisher, distributor, etc. N.M. Tripathi Pvt. Ltd.
Date of publication, distribution, etc. 1958
300 ## - PHYSICAL DESCRIPTION
Extent 199p
942 ## - ADDED ENTRY ELEMENTS (KOHA)
Koha item type Textual
Classification part 901.954, GOR
Holdings
Withdrawn status Lost status Damaged status Not for loan Home library Current library Date acquired Total Checkouts Full call number Barcode Date last seen Price effective from Koha item type
        Department of Education Library Department of Education Library 2025-05-08   901.954, GOR EL0018505 2025-05-08 2025-05-08 Textual
Copyright @ Delhi University Library System